|
|
|
|
| LEADER |
00746nab a2200157 i 4500 |
| 001 |
misc15781 |
| 005 |
20191106142226.0 |
| 008 |
170607s1935 hu o 0|| hun d |
| 040 |
|
|
|a SZTE Miscellanea Repozitórium
|b hun
|
| 041 |
|
|
|a hun
|
| 245 |
0 |
2 |
|a A tagosítási és egyéb birtokrendezési ügyekben követendő eljárás tárgyában kibocsátott 1935. október hó 31. napján hatályba lépett 34.700/1935. I. M. számú rendelet. (B. K. 249. sz.)
|h [elektronikus dokumentum]
|
| 260 |
|
|
|c 1935
|
| 300 |
|
|
|a 594-598a
|
| 490 |
0 |
|
|a Polgári jog : a hazai és külföldi magánjog és hiteljog szemléje
|v 11
|
| 695 |
|
|
|a Eljárásjog közigazgatás tagosítás
|
| 856 |
4 |
0 |
|u http://misc.bibl.u-szeged.hu/15781/1/polgari_jog_1935_594-598a.pdf
|z Dokumentum-elérés
|